|
|
|
|
| LEADER |
00000nab a2200000 a 4500 |
| 001 |
vtls009476166 |
| 003 |
SK-MaSNL |
| 005 |
20260303053826.0 |
| 008 |
140617c2009 xo sr|p|||||||000 b|slo |
| 015 |
|
|
|a SNBRB2009/02
|2 snkbucl
|
| 038 |
|
|
|a SNKBUCL
|
| 040 |
|
|
|a SNKBUCL
|b slo
|c SNKBUCL
|e AACR2
|
| 041 |
0 |
|
|a slo
|
| 044 |
|
|
|a xo
|c SK
|
| 080 |
|
|
|a 614.842.83
|2 2001
|
| 080 |
|
|
|a 061.25
|x (437.6)
|2 2001
|
| 100 |
1 |
|
|a Nejedlý, Alexander
|4 aut
|9 760249
|
| 245 |
1 |
0 |
|a Vážení čitatelia, hasiči, kolegovia!
|c Alexander Nejedlý
|
| 300 |
|
|
|b Fotogr.
|
| 610 |
1 |
7 |
|a Slovensko.
|b Hasičský a záchranný zbor
|2 snkbucl
|9 133752
|
| 648 |
|
7 |
|a 2009
|2 snkbucl
|9 320114
|
| 773 |
0 |
|
|t Požiarnik
|g Roč. LXXXVI, č. 2 (2009), s. 2
|x 0231-617X
|
| 852 |
|
|
|a SNK
|b KIS3GCP
|
| 958 |
|
|
|a SK
|
| 999 |
|
|
|c 1720821
|d 1722751
|